75 Canadian Musical Acts by Songs - Statistics

General Stats
  • This quiz has been taken 223 times
  • The average score is 29 of 75
Answer Stats
Songs Artist/Band % Correct
My Heart Will Go On, Because You Loved Me, All By Myself Céline Dion
95%
Summer Of '69, Heaven, (Everything I Do) I Do It For You Bryan Adams
94%
God's Plan, Hotline Bling, One Dance Drake
93%
Complicated, Sk8er Boi, Girlfriend Avril Lavigne
91%
Ironic, You Oughta Know, Guardian Alanis Morissette
89%
Love Yourself, Sorry, Baby Justin Bieber
88%
Call Me Maybe, I Really Like You, Cut To The Feeling Carly Rae Jepsen
85%
Man! I Feel Like A Woman!, You're Still The One, That Don't Impress Me Much Shania Twain
85%
How You Remind Me, Rockstar, Photograph Nickelback
81%
Blinding Lights, Can't Feel My Face, The Hills The Weeknd
81%
Hallelujah, Suzanne, Dance Me To The End Of Love Leonard Cohen
73%
Big Yellow Taxi, A Case Of You, California Joni Mitchell
72%
Heart Of Gold, Old Man, Harvest Moon Neil Young
72%
One Week, Pinch Me, If I Had $1,000,000 Barenaked Ladies
68%
Promiscuous, Say It Right, Maneater Nelly Furtado
68%
Tom Sawyer, Limelight, The Spirit Of Radio Rush
68%
American Woman, These Eyes, Laughing The Guess Who
65%
Sundown, If You Could Read My Mind, The Wreck Of The Edmund Fitzgerald Gordon Lightfoot
64%
You Ain't Seen Nothing Yet, Takin' Care Of Business, Let It Ride Bachman–Turner Overdrive
62%
Stitches, Treat You Better, There's Nothing Holding Me Back Shawn Mendes
62%
Black Velvet, Lover Of Mine, Love Is Alannah Myles
58%
Steal My Sunshine, Cryptik Souls Crew, Kids In America Len
58%
Haven't Met You Yet, Everything, It's Beginning To Look A Lot Like Christmas Michael Bublé
58%
The Safety Dance, Pop Goes The World, Devil Comes Round Men Without Hats
57%
Put Your Head On My Shoulder, Diana, Puppy Love Paul Anka
56%
She's So High, If You Sleep, Strong Enough Tal Bachman
56%
Sunglasses At Night, Never Surrender, Eurasian Eyes Corey Hart
54%
Bad Day, Free Loop, Love You Lately Daniel Powter
50%
Informer, Lonely Monday Morning, Girl I've Been Hurt Snow
48%
Mmm Mmm Mmm Mmm, Superman's Song, Afternoons & Coffeespoons Crash Test Dummies
47%
In Too Deep, Fat Lip, Still Waiting Sum 41
46%
Working For The Weekend, Turn Me Loose, Heaven In Your Eyes Loverboy
45%
Nautical Disaster, Ahead By A Century, Bobcaygeon The Tragically Hip
45%
Life Is A Highway, No Regrets, Sinking Like A Sunset Tom Cochrane
45%
Scars To Your Beautiful, How Far I'll Go, Here Alessia Cara
44%
The Surburbs, Wake Up, Everything Now Arcade Fire
41%
Constant Craving, Crying, Hallelujah k.d. lang
41%
Angel, When She Loved Me, Building A Mystery Sarah McLachlan
41%
Paralyzer, Slow Chemical, Living In A Dream Finger Eleven
36%
You Needed Me, Could I Have This Dance, I Just Fall In Love Again Anne Murray
34%
Welcome To My Life, Summer Paradise, I'm Just A Kid Simple Plan
30%
I Hate Everything About You, Animal I Have Become, Riot Three Days Grace
30%
1234, Mushaboom, I Feel It All Feist
26%
The Hockey Song, Bud The Spud, Moon-Man Newfie Stompin' Tom Connors
25%
Superman's Dead, Innocent, Clumsy Our Lady Peace
24%
Just Between You And Me, Sign Of The Gypsy Queen, Roller April Wine
22%
Red Flag, Fallen Leaves, Rusted From The Rain Billy Talent
21%
Ordinary Day, The Chemical Worker's Song (Process Man), When I'm Up (I Can't Get Down) Great Big Sea
21%
Lay It On The Line, Magic Power, Fight The Good Fight Triumph
21%
Chamber Of Reflection, My Kind Of Woman, Salad Days Mac DeMarco
18%
Dreams Tonite, Archie, Marry Me, Not My Baby Alvvays
17%
Lost Boy, Superficial Love, If By Chance Ruth B
17%
Strobe, Ghosts 'n' Stuff, The Veldt Deadmau5
16%
Closer, Where Does The Good Go, Walking With A Ghost Tegan and Sara
16%
The Best Of Me, Love Theme From St. Elmo's Fire, Grown-Up Christmas List David Foster
13%
Who Do You Love, Stutter, All To Myself Marianas Trench
13%
The Look Of Love, Night And Day, Let's Fall In Love Diana Krall
12%
Up We Go, Love Me, Dead End Lights
10%
The Mystic's Dream, The Mummers' Dance, Dante's Prayer Loreena McKennitt
10%
Underestimated, The Distance, Let Your Backbone Slide Maestro Fresh Wes
9%
I Wish I Knew Natalie Portman, The Love Song, Born To Run k-os
8%
Please Don't Lead Me On, Feeling Good, Nobody The Sheepdogs
8%
Rattlin' Bog, Barrett's Privateers, Downtown Girl The Irish Descendants
7%
Little Darlin', The Stroll, Old Time Rock'n Roll The Diamonds
6%
My Heroine, The Afterglow, Smile In Your Sleep Silverstein
5%
Storm, The Dead Flag Blues, East Hastings Godspeed You! Black Emperor
4%
Tu Trouveras, Je N'ai Que Mon Âme, Un Ange Fappe À Ma Porte Natasha St-Pier
4%
Blue And Sentimental, Stormy Weather, A Child Is Born Oscar Peterson
4%
You Got To Run (Spirit Of The Wind), Uja, Aorta Tanya Tagaq
4%
In Hell I'll Be In Good Company, Banjo Odyssey, The Recap The Dead South
4%
Spirit Child, Wolves Don't Live By The Rules, Old Man Carver Willie Thrasher
4%
Nendaä - Go Back, Pelly Song, Beware Jerry Alfred
2%
Red Stars, Under Your Spell, Kill The Lights The Birthday Massacre
2%
Two Weeks, Wintergreen, Halfway Tree The East Pointers
2%
Before You, Northern Star, Steady As She Goes Fortunate Ones
1%
No matching quizzes found
Score Distribution
Percent of People with Each Score
Percentile by Number Answered
Your Score History
You have not taken this quiz